[Event "MCR mladeze 2014, D16"]
[Site "Kouty nad Desnou"]
[Date "2014.03.11"]
[Round "5"]
[White "Bohanesova, Vendula"]
[Black "Kubosova, Jana"]
[Result "1/2-1/2"]
[WhiteElo "1651"]
[BlackElo "1653"]
[PlyCount "75"]
[EventDate "2014.??.??"]

1. d4 d5 2. Nc3 e6 3. Nf3 c5 4. e3 Nc6 5. Be2 Nf6 6. O-O Be7 7. Ne5 O-O 8. f4
Ne4 9. Nxe4 dxe4 10. Nxc6 bxc6 11. b3 Bf6 12. Bb2 Qb6 13. c3 Rd8 14. Qc2 Bb7
15. Rac1 cxd4 16. cxd4 Qa5 17. Bg4 Ba6 18. Rf2 Bd3 19. Qc3 Qa6 20. f5 c5 21.
fxe6 cxd4 22. exf7+ Kxf7 23. exd4 Kg8 24. Qc6 Qxc6 25. Rxc6 e3 26. Rf3 Be4 27.
Rfxf6 gxf6 28. Rxf6 Bd3 29. d5 Rf8 30. Be6+ Kg7 31. Rf3+ Kg6 32. Rg3+ Kh5 33.
Rh3+ Kg5 34. Rg3+ Kh5 35. Rh3+ Kg5 36. Rg3+ Kh5 37. Rf3 Kg5 38. Bc1 1/2-1/2

[Event "MCR mladeze 2014, D16"]
[Site "Kouty nad Desnou"]
[Date "2014.03.11"]
[Round "5"]
[White "Suchomelova, Simona"]
[Black "Tajovska, Martina"]
[Result "1/2-1/2"]
[WhiteElo "1818"]
[BlackElo "1575"]
[PlyCount "76"]
[EventDate "2014.??.??"]

1. e4 e5 2. Nf3 Nc6 3. Bc4 Bc5 4. c3 d6 5. d4 exd4 6. cxd4 Bb4+ 7. Bd2 Bxd2+ 8.
Nbxd2 Nf6 9. O-O O-O 10. Rc1 Bg4 11. Qc2 d5 12. exd5 Nxd5 13. Qe4 Nf6 14. Qf4
Rc8 15. Rfe1 Bxf3 16. Nxf3 Ne7 17. Qg5 h6 18. Qd2 c6 19. Qb4 Rc7 20. Re5 Ned5
21. Qb3 Re8 22. Rce1 Rce7 23. h3 Qc7 24. Rc1 Qd8 25. Qd3 Qd7 26. Rce1 Nb6 27.
Bb3 Nbd5 28. a3 Nf4 29. Qd2 Ne6 30. Bxe6 Rxe6 31. Rxe6 Rxe6 32. Rxe6 Qxe6 33.
Qb4 Qc8 34. Ne5 Nd5 35. Qb3 Qc7 36. Nd3 b6 37. Ne5 Nf4 38. Qc4 c5 1/2-1/2

[Event "MCR mladeze 2014, D16"]
[Site "Kouty nad Desnou"]
[Date "2014.03.11"]
[Round "5"]
[White "Beluska, Tereza"]
[Black "Benesova, Martina"]
[Result "1/2-1/2"]
[WhiteElo "1660"]
[BlackElo "1496"]
[PlyCount "57"]
[EventDate "2014.??.??"]

1. e4 e6 2. d4 d5 3. e5 c5 4. c3 Nc6 5. Nf3 Qb6 6. a3 Bd7 7. Be2 cxd4 8. cxd4
Nge7 9. b4 Nf5 10. Be3 Rc8 11. O-O Be7 12. g4 Nxe3 13. fxe3 f6 14. exf6 gxf6
15. Qd2 a6 16. h3 Qc7 17. Bd3 Kd8 18. Qf2 Be8 19. Nbd2 Bg6 20. Be2 Rg8 21. Nh4
h5 22. Nxg6 Rxg6 23. Kh1 hxg4 24. Bxg4 f5 25. Bf3 Kd7 26. Rg1 Rh6 27. Qg3 f4
28. exf4 Rch8 29. Bg4 1/2-1/2

[Event "MCR mladeze 2014, D16"]
[Site "Kouty nad Desnou"]
[Date "2014.03.11"]
[Round "5"]
[White "Kubosova, Hana"]
[Black "Pokorna, Jana"]
[Result "1/2-1/2"]
[WhiteElo "1509"]
[BlackElo "1378"]
[PlyCount "46"]
[EventDate "2014.??.??"]

1. c4 e5 2. Nc3 Nf6 3. g3 Nc6 4. Bg2 Bb4 5. Nf3 Bxc3 6. bxc3 d6 7. d4 exd4 8.
cxd4 O-O 9. O-O d5 10. c5 b6 11. Qc2 bxc5 12. Qxc5 Bd7 13. Bg5 h6 14. Bxf6 Qxf6
15. Qxd5 Rad8 16. Qc5 Bg4 17. d5 Ne7 18. Qxc7 Nxd5 19. Qxa7 Nc3 20. Qa3 Nxe2+
21. Kh1 Rfe8 22. h3 Ra8 23. Qd3 Rad8 1/2-1/2

[Event "MCR mladeze 2014, D16"]
[Site "Kouty nad Desnou"]
[Date "2014.03.11"]
[Round "5"]
[White "Dolezalova, Lada"]
[Black "Navratilova, Lenka"]
[Result "0-1"]
[WhiteElo "1606"]
[BlackElo "1323"]
[PlyCount "68"]
[EventDate "2014.??.??"]

1. e4 e5 2. Nf3 Nc6 3. d4 exd4 4. Nxd4 Nf6 5. Nc3 Bb4 6. Bc4 O-O 7. Bg5 Re8 8.
Nxc6 bxc6 9. Qf3 d5 10. Bxf6 Qxf6 11. Qxf6 gxf6 12. Bd3 dxe4 13. Be2 f5 14. O-O
Be6 15. a3 Ba5 16. b4 Bb6 17. Rad1 Rad8 18. Na4 Bd4 19. Rfe1 Rd7 20. c3 Be5 21.
Rxd7 Bxd7 22. Nc5 Be6 23. Nxe6 Rxe6 24. c4 Bb2 25. a4 Bc3 26. Rb1 f4 27. b5 c5
28. Rd1 Bd4 29. Kf1 Rf6 30. Rb1 f3 31. gxf3 exf3 32. Bd1 Rh6 33. Bxf3 Rxh2 34.
Rb2 Bxb2 0-1

[Event "MCR mladeze 2014, D16"]
[Site "Kouty nad Desnou"]
[Date "2014.03.11"]
[Round "5"]
[White "Hartingerova, Martina"]
[Black "Novotna, Barbora"]
[Result "1/2-1/2"]
[WhiteElo "1458"]
[BlackElo "1546"]
[PlyCount "64"]
[EventDate "2014.??.??"]

1. d4 d5 2. c4 e6 3. Nc3 Nf6 4. Bg5 Nbd7 5. Nf3 Be7 6. e3 O-O 7. Bd3 dxc4 8.
Bxc4 c6 9. O-O b6 10. Rc1 Bb7 11. Bd3 Rc8 12. Qe2 c5 13. Rfd1 Nd5 14. Bxe7 Qxe7
15. dxc5 Nxc5 16. Bb5 Rfd8 17. Nxd5 Bxd5 18. Nd4 Qg5 19. f3 h6 20. b4 Nb7 21.
Rxc8 Rxc8 22. e4 e5 23. exd5 exd4 24. Rxd4 Rd8 25. Qd2 Qe5 26. h3 Nd6 27. Bc6
Nf5 28. Re4 Qd6 29. Qf4 Qxf4 30. Rxf4 Ne7 31. Bb5 Rxd5 32. Bc4 Rf5 1/2-1/2

[Event "MCR mladeze 2014, D16"]
[Site "Kouty nad Desnou"]
[Date "2014.03.11"]
[Round "5"]
[White "Homolkova, Ivana"]
[Black "Kotsyba, Olexandra"]
[Result "1-0"]
[WhiteElo "1341"]
[BlackElo "1078"]
[PlyCount "69"]
[EventDate "2014.??.??"]

1. e4 e5 2. Nf3 Nc6 3. d4 exd4 4. Nxd4 Bc5 5. Be3 Nf6 6. Nc3 d6 7. Nxc6 bxc6 8.
Bxc5 dxc5 9. Qxd8+ Kxd8 10. Bc4 Ke7 11. O-O-O Re8 12. Rd2 Kf8 13. f3 Be6 14.
Bxe6 Rxe6 15. Rhd1 Ke8 16. Na4 Re5 17. Rd3 Rb8 18. Rc3 Nd7 19. Rdd3 Rb4 20. b3
Rd4 21. Rxc5 Rxd3 22. Rxe5+ Nxe5 23. cxd3 Nxd3+ 24. Kd2 Ne5 25. Ke3 Kd7 26.
Nc5+ Kd6 27. Nd3 Nxd3 28. Kxd3 Kc5 29. Kc3 a5 30. a3 Kb5 31. f4 f6 32. Kd4 c5+
33. Kd5 c6+ 34. Kd6 c4 35. bxc4+ 1-0

[Event "MCR mladeze 2014, D16"]
[Site "Kouty nad Desnou"]
[Date "2014.03.12"]
[Round "6"]
[White "Nova, Michaela"]
[Black "Fuskova, Martina"]
[Result "1/2-1/2"]
[WhiteElo "1640"]
[BlackElo "1942"]
[PlyCount "85"]
[EventDate "2014.??.??"]

1. e4 c5 2. Nf3 e6 3. d4 cxd4 4. Nxd4 Nf6 5. Nc3 d6 6. Bb5+ Bd7 7. Bxd7+ Nbxd7
8. Be3 Nc5 9. f3 a6 10. O-O Be7 11. Nb3 Nxb3 12. cxb3 O-O 13. Rc1 Rc8 14. Qd2
Qd7 15. Ne2 Rxc1 16. Rxc1 Rc8 17. Nd4 Rc7 18. a4 Qc8 19. Rxc7 Qxc7 20. Nc2 d5
21. exd5 Nxd5 22. Bf2 h6 23. Ne3 Bg5 24. Nxd5 exd5 25. Be3 Bxe3+ 26. Qxe3 Qc2
27. Qc3 Qd1+ 28. Kf2 g6 29. g4 d4 30. Qc8+ Kg7 31. Qd8 Qd2+ 32. Kg3 Qe1+ 33.
Kg2 Qe3 34. Qa5 Kf6 35. Qd8+ Ke6 36. Qe8+ Kd6 37. Qd8+ Kc6 38. Qf6+ Kc5 39. a5
Qxb3 40. Qe7+ Kb5 41. Qxb7+ Ka4 42. Qd7+ Kxa5 43. Qxd4 1/2-1/2

[Event "MCR mladeze 2014, D16"]
[Site "Kouty nad Desnou"]
[Date "2014.03.12"]
[Round "6"]
[White "Bohanesova, Vendula"]
[Black "Mackova, Veronika"]
[Result "1-0"]
[WhiteElo "1651"]
[BlackElo "1747"]
[PlyCount "47"]
[EventDate "2014.??.??"]

1. d4 Nf6 2. Nc3 d5 3. Bg5 Bf5 4. e3 e6 5. Bd3 Bg6 6. Nf3 Nbd7 7. Ne5 Be7 8.
O-O Bh5 9. Qe1 h6 10. Bh4 g5 11. Bg3 c6 12. Ne2 Nxe5 13. dxe5 Nh7 14. c4 Qd7
15. cxd5 exd5 16. Nd4 Nf8 17. f4 gxf4 18. exf4 Bc5 19. Bf2 O-O-O 20. b4 Bb6 21.
a4 Rg8 22. b5 Qg4 23. Bf5+ Qxf5 24. Nxf5 1-0

[Event "MCR mladeze 2014, D16"]
[Site "Kouty nad Desnou"]
[Date "2014.03.12"]
[Round "6"]
[White "Kanakova, Natalie"]
[Black "Janska, Jitka"]
[Result "1-0"]
[WhiteElo "1886"]
[BlackElo "1954"]
[PlyCount "53"]
[EventDate "2014.??.??"]

1. e4 e5 2. Nf3 d6 3. d4 exd4 4. Nxd4 Nf6 5. Nc3 Be7 6. Bd3 O-O 7. O-O Re8 8.
f4 Bf8 9. Kh1 c6 10. Nf3 Nbd7 11. Be3 b5 12. e5 b4 13. Ne4 Nd5 14. Neg5 g6 15.
Bd2 Nc5 16. f5 Nxd3 17. fxg6 fxg6 18. cxd3 Bg7 19. Nd4 dxe5 20. Nxc6 Qd6 21.
Rc1 a5 22. Nf7 Qd7 23. Qe1 Nf4 24. Nfxe5 Bxe5 25. Nxe5 Nxd3 26. Nxd7 Nxe1 27.
Nf6+ 1-0

[Event "MCR mladeze 2014, D16"]
[Site "Kouty nad Desnou"]
[Date "2014.03.12"]
[Round "6"]
[White "Benesova, Martina"]
[Black "Pychova, Nela"]
[Result "0-1"]
[WhiteElo "1496"]
[BlackElo "1990"]
[PlyCount "54"]
[EventDate "2014.??.??"]

1. e4 c5 2. Nf3 d6 3. d4 cxd4 4. Nxd4 Nf6 5. Nc3 g6 6. Be3 Bg7 7. Be2 O-O 8.
O-O Nc6 9. Kh1 Bd7 10. f4 Rc8 11. Nxc6 Bxc6 12. Bf3 Qc7 13. Rb1 b5 14. a3 a5
15. Qd3 Qb8 16. f5 b4 17. axb4 axb4 18. Ne2 Qb7 19. fxg6 hxg6 20. Bd4 e5 21.
Be3 Nxe4 22. Rg1 Rfd8 23. c3 Nf2+ 24. Bxf2 e4 25. Bxe4 Bxe4 26. Qe3 bxc3 27.
bxc3 Bxb1 0-1

[Event "MCR mladeze 2014, D16"]
[Site "Kouty nad Desnou"]
[Date "2014.03.12"]
[Round "6"]
[White "Kubosova, Hana"]
[Black "Suchomelova, Simona"]
[Result "1/2-1/2"]
[WhiteElo "1509"]
[BlackElo "1818"]
[PlyCount "67"]
[EventDate "2014.??.??"]

1. c4 e5 2. Nc3 Nf6 3. g3 d5 4. cxd5 Nxd5 5. Bg2 Nb6 6. Nf3 Nc6 7. O-O Be7 8.
d3 O-O 9. Bd2 Be6 10. Rc1 f6 11. a3 Nd4 12. Nxd4 exd4 13. Ne4 Bd5 14. b4 Re8
15. Re1 f5 16. Nc5 Bxg2 17. Kxg2 Qd5+ 18. Kg1 Rad8 19. Qb3 Bxc5 20. Qxd5+ Rxd5
21. bxc5 Nc8 22. Bf4 c6 23. Rc2 Kf7 24. Kf1 Kf6 25. h4 h6 26. h5 Re6 27. Rec1
Rd7 28. Rc4 Kf7 29. Bb8 Ke8 30. a4 a6 31. a5 Kf7 32. Rb1 Re8 33. Rcb4 Ree7 34.
Rc4 1/2-1/2

[Event "MCR mladeze 2014, D16"]
[Site "Kouty nad Desnou"]
[Date "2014.03.12"]
[Round "6"]
[White "Navratilova, Lenka"]
[Black "Beluska, Tereza"]
[Result "0-1"]
[WhiteElo "1323"]
[BlackElo "1660"]
[PlyCount "50"]
[EventDate "2014.??.??"]

1. e4 e6 2. d4 d5 3. e5 c5 4. c3 Nc6 5. Nf3 Bd7 6. Be2 cxd4 7. cxd4 Nge7 8. Na3
Nf5 9. Nc2 Be7 10. b3 f6 11. Bb2 fxe5 12. Nxe5 Nxe5 13. dxe5 O-O 14. O-O Qb6
15. Nd4 Bc5 16. Nxf5 Rxf5 17. Bf3 Bb5 18. Be2 Bxe2 19. Qxe2 Raf8 20. Kh1 Rxf2
21. Qd3 Rxb2 22. Rfc1 Rbf2 23. h3 Bd4 24. Rab1 Bxe5 25. Re1 Bc7 0-1

[Event "MCR mladeze 2014, D16"]
[Site "Kouty nad Desnou"]
[Date "2014.03.12"]
[Round "6"]
[White "Kubosova, Jana"]
[Black "Tajovska, Martina"]
[Result "1/2-1/2"]
[WhiteElo "1653"]
[BlackElo "1575"]
[PlyCount "84"]
[EventDate "2014.??.??"]

1. c4 e5 2. Nc3 Nf6 3. g3 Be7 4. Bg2 O-O 5. Nf3 d6 6. O-O Nc6 7. d3 Bd7 8. a3
Qc8 9. b4 a6 10. Nd5 Bd8 11. e4 Nxd5 12. cxd5 Ne7 13. d4 exd4 14. Nxd4 Bh3 15.
Bb2 Re8 16. Re1 Ng6 17. Rc1 Qd7 18. Qc2 Rc8 19. f4 Bxg2 20. Kxg2 Bf6 21. Nf5
Bxb2 22. Qxb2 f6 23. Nd4 Qg4 24. Ne6 Rxe6 25. dxe6 Nxf4+ 26. Kg1 Nh3+ 27. Kh1
Qf3+ 28. Qg2 Nf2+ 29. Kg1 Qxg2+ 30. Kxg2 Nd3 31. Red1 Nxc1 32. Rxc1 Kf8 33. e5
fxe5 34. Rf1+ Ke7 35. Rf7+ Kxe6 36. Rxg7 d5 37. Kf3 b6 38. Rxh7 e4+ 39. Ke3 Kd6
40. Rh6+ Ke5 41. Rh5+ Kd6 42. Rh6+ Ke5 1/2-1/2

[Event "MCR mladeze 2014, D16"]
[Site "Kouty nad Desnou"]
[Date "2014.03.12"]
[Round "6"]
[White "Pokorna, Jana"]
[Black "Novotna, Barbora"]
[Result "0-1"]
[WhiteElo "1378"]
[BlackElo "1546"]
[PlyCount "46"]
[EventDate "2014.??.??"]

1. e4 e5 2. Nf3 Nc6 3. d4 exd4 4. Nxd4 Bc5 5. Be3 Qf6 6. c3 Nge7 7. Qd2 O-O 8.
Bg5 Qe5 9. Nxc6 Qxe4+ 10. Qe2 Qxe2+ 11. Bxe2 Nxc6 12. O-O Re8 13. Bf3 d6 14. a4
a6 15. b4 Bb6 16. Nd2 a5 17. b5 Ne5 18. Rfe1 Nxf3+ 19. Nxf3 Bf5 20. Ra2 Rxe1+
21. Nxe1 Re8 22. Kf1 Be6 23. Rb2 Bc4+ 0-1

[Event "MCR mladeze 2014, D16"]
[Site "Kouty nad Desnou"]
[Date "2014.03.12"]
[Round "6"]
[White "Dolezalova, Lada"]
[Black "Homolkova, Ivana"]
[Result "1/2-1/2"]
[WhiteElo "1606"]
[BlackElo "1341"]
[PlyCount "94"]
[EventDate "2014.??.??"]

1. e4 e5 2. Nf3 Nc6 3. Bc4 Bc5 4. Nc3 Nf6 5. d3 d6 6. h3 Be6 7. Bb3 Qd7 8. Be3
Bb6 9. Bxb6 axb6 10. d4 exd4 11. Nxd4 Nxd4 12. Qxd4 c5 13. Bxe6 fxe6 14. Qd3
Qc6 15. O-O-O O-O 16. Qxd6 b5 17. e5 Nh5 18. Qxc6 bxc6 19. f3 Nf4 20. Rd6 b4
21. Nb1 Rxa2 22. Rxc6 Nxg2 23. Rxe6 Rxf3 24. Rc6 Ra5 25. e6 Kf8 26. Rd1 Ra7 27.
Rxc5 Ke7 28. Rg5 Kxe6 29. Rxg2 Rxh3 30. Re2+ Kf6 31. Rf1+ Kg6 32. Rg1+ Kh6 33.
Ree1 g5 34. Rh1 Rxh1 35. Rxh1+ Kg6 36. c3 bxc3 37. Nxc3 h5 38. Kc2 h4 39. Kd3
Rb7 40. Rh2 Kh5 41. Ne4 g4 42. Nf6+ Kg5 43. Ne4+ Kh5 44. Nf6+ Kg5 45. Ne4+ Kf4
46. Rxh4 Rxb2 47. Nf6 Kg5 1/2-1/2

[Event "MCR mladeze 2014, D16"]
[Site "Kouty nad Desnou"]
[Date "2014.03.12"]
[Round "6"]
[White "Kotsyba, Olexandra"]
[Black "Hartingerova, Martina"]
[Result "0-1"]
[WhiteElo "1078"]
[BlackElo "1458"]
[PlyCount "48"]
[EventDate "2014.??.??"]

1. e4 d5 2. d4 dxe4 3. Nc3 Nf6 4. Bg5 Nbd7 5. g3 h6 6. Bxf6 Nxf6 7. Bg2 Bf5 8.
Qd2 e6 9. a3 Qd7 10. O-O-O O-O-O 11. h3 c5 12. Nge2 Qc7 13. Qe3 cxd4 14. Nxd4
Bc5 15. Kb1 e5 16. Ndb5 Bxe3 17. Nxc7 Bxf2 18. Rhf1 e3 19. N7d5 Nxd5 20. Bxd5
Bxh3 21. Rxf2 exf2 22. Bc4 Rxd1+ 23. Nxd1 f1=Q 24. Bxf1 Bxf1 0-1

[Event "MCR mladeze 2014, D16"]
[Site "Kouty nad Desnou"]
[Date "2014.03.13"]
[Round "7"]
[White "Fuskova, Martina"]
[Black "Bohanesova, Vendula"]
[Result "1-0"]
[WhiteElo "1942"]
[BlackElo "1651"]
[PlyCount "55"]
[EventDate "2014.??.??"]

1. e4 e6 2. d4 d5 3. Nc3 dxe4 4. Nxe4 Bd7 5. Nf3 Bc6 6. Bd3 Nd7 7. O-O Ngf6 8.
Qe2 Be7 9. Re1 O-O 10. Neg5 Bxf3 11. Qxf3 c6 12. Qh3 g6 13. Bc4 Qa5 14. c3 Rae8
15. Nxe6 fxe6 16. Bxe6+ Kh8 17. Bxd7 Nxd7 18. Qxd7 Qh5 19. Bd2 Qh4 20. f3 c5
21. Re4 Qf6 22. Rae1 cxd4 23. Rxe7 Rxe7 24. Rxe7 d3 25. Bg5 Qb6+ 26. Kf1 Qxb2
27. Rxh7+ Kg8 28. Qg7# 1-0

[Event "MCR mladeze 2014, D16"]
[Site "Kouty nad Desnou"]
[Date "2014.03.13"]
[Round "7"]
[White "Pychova, Nela"]
[Black "Kanakova, Natalie"]
[Result "0-1"]
[WhiteElo "1990"]
[BlackElo "1886"]
[PlyCount "78"]
[EventDate "2014.??.??"]

1. c4 Nf6 2. Nf3 e6 3. g3 a6 4. e3 Be7 5. b3 O-O 6. Bb2 d5 7. Bg2 b5 8. O-O c5
9. Qe2 Qb6 10. d4 Nbd7 11. dxc5 Bxc5 12. Nc3 dxc4 13. bxc4 Rb8 14. Rab1 Qa5 15.
Nd2 b4 16. Nb3 Qc7 17. Ne4 Nxe4 18. Bxe4 f5 19. Nxc5 Nxc5 20. Bg2 Bb7 21. Bxb7
Qxb7 22. Bd4 Qc6 23. Rfd1 Ne4 24. f3 Nc3 25. Bxc3 bxc3 26. Qd3 Rb2 27. Qxc3
Rxa2 28. Rd2 Rxd2 29. Qxd2 Qxc4 30. Qd7 Qd5 31. Qe7 Qe5 32. Qa7 a5 33. Kg2 Rd8
34. Kg1 h6 35. Qa6 Qxe3+ 36. Kg2 Rd2+ 37. Kh3 Qxf3 38. Qxe6+ Kh7 39. Qc4 Qg2+
0-1

[Event "MCR mladeze 2014, D16"]
[Site "Kouty nad Desnou"]
[Date "2014.03.13"]
[Round "7"]
[White "Mackova, Veronika"]
[Black "Nova, Michaela"]
[Result "1-0"]
[WhiteElo "1747"]
[BlackElo "1640"]
[PlyCount "81"]
[EventDate "2014.??.??"]

1. c4 e5 2. Nc3 Nf6 3. e3 Bb4 4. Nge2 O-O 5. a3 Bxc3 6. Nxc3 Nc6 7. b4 d5 8.
cxd5 Nxd5 9. Bb2 a6 10. Be2 Be6 11. O-O Qd7 12. Ne4 b6 13. Rc1 f5 14. Ng5 b5
15. Qc2 Nde7 16. Nxe6 Qxe6 17. Bf3 e4 18. Bd1 Kh8 19. Qc3 Rf6 20. Bb3 Qd6 21.
Rfd1 Rd8 22. h3 Rd7 23. Bc2 Nb8 24. d3 exd3 25. Bxd3 Qb6 26. Qb3 Rf8 27. Bd4
Qg6 28. Bc5 c6 29. Qc2 Qf6 30. Bxe7 Rxe7 31. Bxf5 g6 32. Bg4 h5 33. Bf3 Re6 34.
Qc5 Kg7 35. Qd4 Qxd4 36. Rxd4 Rfe8 37. Rc2 Kf6 38. Kh2 Rc8 39. g4 h4 40. g5+
Kxg5 41. Bg4 1-0

[Event "MCR mladeze 2014, D16"]
[Site "Kouty nad Desnou"]
[Date "2014.03.13"]
[Round "7"]
[White "Beluska, Tereza"]
[Black "Suchomelova, Simona"]
[Result "0-1"]
[WhiteElo "1660"]
[BlackElo "1818"]
[PlyCount "34"]
[EventDate "2014.??.??"]

1. e4 e5 2. f4 exf4 3. Nf3 g5 4. h4 g4 5. Ne5 Qe7 6. Nxg4 f5 7. Nf2 fxe4 8. Be2
f3 9. Bc4 h5 10. g3 Nf6 11. Nc3 c6 12. O-O d5 13. Bb3 Qc7 14. Kh2 Ng4+ 15. Nxg4
hxg4 16. Qe1 Rxh4+ 17. Kg1 Bc5+ 0-1

[Event "MCR mladeze 2014, D16"]
[Site "Kouty nad Desnou"]
[Date "2014.03.13"]
[Round "7"]
[White "Janska, Jitka"]
[Black "Kubosova, Hana"]
[Result "1-0"]
[WhiteElo "1954"]
[BlackElo "1509"]
[PlyCount "45"]
[EventDate "2014.??.??"]

1. e4 c5 2. Nf3 Nc6 3. Bb5 g6 4. Bxc6 bxc6 5. d3 Rb8 6. O-O Bg7 7. Nc3 d6 8. h3
Bd7 9. Re1 e6 10. e5 d5 11. Bg5 f6 12. exf6 Nxf6 13. Rb1 O-O 14. Bf4 Rb7 15.
Bd6 Re8 16. Bxc5 Qa5 17. b4 Qc7 18. Bd4 Bc8 19. Na4 Nd7 20. Bxg7 Kxg7 21. d4 e5
22. dxe5 Nxe5 23. Nxe5 1-0

[Event "MCR mladeze 2014, D16"]
[Site "Kouty nad Desnou"]
[Date "2014.03.13"]
[Round "7"]
[White "Hartingerova, Martina"]
[Black "Kubosova, Jana"]
[Result "1/2-1/2"]
[WhiteElo "1458"]
[BlackElo "1653"]
[PlyCount "68"]
[EventDate "2014.??.??"]

1. d4 d5 2. c4 e6 3. Nc3 Nf6 4. Bg5 Nbd7 5. Nf3 Be7 6. e3 b6 7. cxd5 exd5 8.
Bd3 Bb7 9. O-O O-O 10. Rc1 c5 11. Qe2 c4 12. Bb1 a6 13. Rfe1 Re8 14. Qc2 Ne4
15. Bf4 Ndf6 16. Ng5 Bb4 17. Ncxe4 Nxe4 18. Nxe4 dxe4 19. Red1 b5 20. f3 f5 21.
d5 g5 22. Bg3 Bc5 23. Bf2 Re5 24. fxe4 fxe4 25. d6 Bxd6 26. Bg3 Re6 27. Qe2 Qc7
28. Qg4 Rg6 29. Bxd6 Rxd6 30. Rxd6 Qxd6 31. Qxg5+ Kh8 32. Rf1 Rd8 33. Rf7 Qd1+
34. Rf1 Qd6 1/2-1/2

[Event "MCR mladeze 2014, D16"]
[Site "Kouty nad Desnou"]
[Date "2014.03.13"]
[Round "7"]
[White "Tajovska, Martina"]
[Black "Benesova, Martina"]
[Result "1-0"]
[WhiteElo "1575"]
[BlackElo "1496"]
[PlyCount "91"]
[EventDate "2014.??.??"]

1. e4 e6 2. d4 d5 3. exd5 exd5 4. Bd3 Bd6 5. Ne2 Ne7 6. Bf4 Bf5 7. c3 c6 8. O-O
O-O 9. Bxd6 Qxd6 10. Ng3 Bxd3 11. Qxd3 Nd7 12. Nd2 Qg6 13. Qxg6 hxg6 14. Rfe1
Rfe8 15. Re2 Rad8 16. Rae1 Nf6 17. Rxe7 Kf8 18. Rxe8+ Rxe8 19. Rxe8+ Kxe8 20.
Kf1 Ke7 21. Ke2 Ne8 22. Nf3 Nd6 23. Ne5 Ke6 24. Nd3 Kd7 25. Kf3 a5 26. h4 Ke7
27. Kf4 f6 28. h5 Kf7 29. hxg6+ Kxg6 30. f3 Kf7 31. Nf5 Ne8 32. Nc5 g6 33. Nh6+
Kg7 34. Ng4 Nd6 35. Ne3 Kf7 36. g4 g5+ 37. Kg3 Kg6 38. Nd3 b6 39. Nf5 Nxf5+ 40.
gxf5+ Kxf5 41. Nf2 Kg6 42. Ng4 Kf7 43. Ne3 Kg6 44. Kg4 Kg7 45. Kf5 Kf7 46. Ng4
1-0

[Event "MCR mladeze 2014, D16"]
[Site "Kouty nad Desnou"]
[Date "2014.03.13"]
[Round "7"]
[White "Novotna, Barbora"]
[Black "Navratilova, Lenka"]
[Result "1/2-1/2"]
[WhiteElo "1546"]
[BlackElo "1323"]
[PlyCount "51"]
[EventDate "2014.??.??"]

1. e4 e5 2. Nf3 Nc6 3. Bc4 Bc5 4. c3 Nf6 5. d3 h6 6. b4 Bb6 7. O-O O-O 8. Be3
d6 9. Nbd2 Bg4 10. Qc2 Re8 11. Rfe1 Qd7 12. Bb3 Rad8 13. a4 Bxe3 14. Rxe3 d5
15. b5 Na5 16. exd5 Nxb3 17. Qxb3 Qxd5 18. Qxd5 Rxd5 19. c4 Rd7 20. Rxe5 Rxd3
21. Rxe8+ Nxe8 22. Re1 Kf8 23. Ne5 Rxd2 24. Nxg4 Rc2 25. Ne5 Nf6 26. Ra1
1/2-1/2

[Event "MCR mladeze 2014, D16"]
[Site "Kouty nad Desnou"]
[Date "2014.03.13"]
[Round "7"]
[White "Homolkova, Ivana"]
[Black "Pokorna, Jana"]
[Result "1/2-1/2"]
[WhiteElo "1341"]
[BlackElo "1378"]
[PlyCount "98"]
[EventDate "2014.??.??"]

1. e4 e5 2. Nf3 Nc6 3. Bc4 Bc5 4. c3 Nf6 5. d4 exd4 6. e5 Ng4 7. Bxf7+ Kxf7 8.
Ng5+ Ke8 9. Qxg4 Nxe5 10. Qe4 Qe7 11. O-O dxc3 12. Nxc3 Nc6 13. Re1 Qxe4 14.
Ncxe4 Be7 15. Bf4 h6 16. Nf3 Nb4 17. Rad1 d6 18. a3 Nc6 19. b4 b5 20. a4 a6 21.
Rc1 Kd7 22. Red1 Bb7 23. Rxc6 Bxc6 24. Ne5+ Ke8 25. Nxc6 bxa4 26. Ra1 Kd7 27.
Nxe7 Kxe7 28. Rxa4 Rhb8 29. f3 Rb5 30. Nc3 Rbb8 31. b5 axb5 32. Rxa8 Rxa8 33.
Nxb5 Kd7 34. Kf2 Rb8 35. Nc3 Rf8 36. Bd2 c5 37. g4 g5 38. Kg3 Ke6 39. f4 gxf4+
40. Bxf4 Rh8 41. Ne4 c4 42. Nxd6 c3 43. Ne4 c2 44. Nc3 Kf6 45. h4 Kg6 46. g5
hxg5 47. Bxg5 Rh5 48. Bf4 Rf5 49. Ne2 Kh5 1/2-1/2

[Event "MCR mladeze 2014, D16"]
[Site "Kouty nad Desnou"]
[Date "2014.03.13"]
[Round "7"]
[White "Kotsyba, Olexandra"]
[Black "Dolezalova, Lada"]
[Result "0-1"]
[WhiteElo "1078"]
[BlackElo "1606"]
[PlyCount "62"]
[EventDate "2014.??.??"]

1. e4 e6 2. d4 d5 3. Nc3 Bb4 4. Nge2 dxe4 5. a3 Bxc3+ 6. Nxc3 Nc6 7. Bb5 Nge7
8. Nxe4 O-O 9. Be3 a6 10. Bxc6 Nxc6 11. O-O b6 12. c3 Qd5 13. Qf3 Ne7 14. Bf4
Bb7 15. Rfe1 Rac8 16. Rad1 Ng6 17. Bg3 Ba8 18. Re3 f5 19. Ng5 Qxf3 20. Nxf3 f4
21. Bxf4 Bxf3 22. Rxf3 Rxf4 23. Rxf4 Nxf4 24. g3 Ng6 25. Re1 Kf7 26. Re3 Rf8
27. h4 Ne7 28. c4 Nc6 29. d5 exd5 30. cxd5 Ne7 31. Re5 Rd8 0-1

[Event "MCR mladeze 2014, D16"]
[Site "Kouty nad Desnou"]
[Date "2014.03.14"]
[Round "8"]
[White "Suchomelova, Simona"]
[Black "Fuskova, Martina"]
[Result "0-1"]
[WhiteElo "1818"]
[BlackElo "1942"]
[PlyCount "96"]
[EventDate "2014.03.08"]

1. e4 c5 2. Nf3 e6 3. d4 cxd4 4. Nxd4 Nf6 5. Nc3 d6 6. Be2 Be7 7. O-O Nc6 8. f4
O-O 9. Kh1 Nxd4 10. Qxd4 Qc7 11. Qd3 Rd8 12. Bf3 Bd7 13. Be3 Bc6 14. Qe2 d5 15.
exd5 Nxd5 16. Nxd5 Bxd5 17. Bxd5 Rxd5 18. c4 Rd7 19. b3 Rad8 20. Rad1 Bc5 21.
Bxc5 Qxc5 22. Rxd7 Rxd7 23. Rd1 Rd4 24. Rxd4 Qxd4 25. g3 Kf8 26. Kg2 Ke7 27.
Kf3 b6 28. Qe4 Qc3+ 29. Qe3 Qb2 30. Qe2 Qa1 31. Qd2 Qh1+ 32. Ke3 f6 33. Qb4+
Kf7 34. Qd2 Qg1+ 35. Kf3 Ke7 36. Qb4+ Qc5 37. Qd2 Qh5+ 38. Kg2 Qc5 39. Kf3 Qc6+
40. Ke3 e5 41. Qd5 Qxd5 42. cxd5 Kd6 43. Ke4 g6 44. fxe5+ fxe5 45. g4 g5 46. h3
h6 47. Kd3 Kxd5 48. Ke3 e4 0-1

[Event "MCR mladeze 2014, D16"]
[Site "Kouty nad Desnou"]
[Date "2014.03.14"]
[Round "8"]
[White "Kanakova, Natalie"]
[Black "Tajovska, Martina"]
[Result "1-0"]
[WhiteElo "1886"]
[BlackElo "1575"]
[PlyCount "73"]
[EventDate "2014.03.08"]

1. e4 e5 2. Nf3 Nc6 3. d4 exd4 4. Nxd4 Bc5 5. Nb3 Bb6 6. Nc3 d6 7. Qe2 Nge7 8.
Bg5 Be6 9. O-O-O Qd7 10. Nd5 f6 11. Bxf6 Bxd5 12. exd5 gxf6 13. dxc6 Qxc6 14.
Qh5+ Kf8 15. Bb5 Qe4 16. Qh6+ Kf7 17. Bd3 Qg4 18. Kb1 Nf5 19. Bc4+ Qxc4 20.
Qh5+ Kg7 21. Qxf5 Qf7 22. Qg4+ Qg6 23. Qf3 Rae8 24. Nd4 Re5 25. Qxb7 Rhe8 26.
f4 Re4 27. f5 Qf7 28. Ne6+ R4xe6 29. fxe6 Rxe6 30. Rhe1 Qe8 31. Rxe6 Qxe6 32.
Qf3 Qe5 33. Qg4+ Kf7 34. Qh4 Kg7 35. Re1 Qf5 36. g4 Qf4 37. Qh5 1-0

[Event "MCR mladeze 2014, D16"]
[Site "Kouty nad Desnou"]
[Date "2014.03.14"]
[Round "8"]
[White "Janska, Jitka"]
[Black "Mackova, Veronika"]
[Result "1/2-1/2"]
[WhiteElo "1954"]
[BlackElo "1747"]
[PlyCount "99"]
[EventDate "2014.03.08"]

1. e4 e5 2. Nf3 Nc6 3. Bc4 Nf6 4. d3 Be7 5. O-O O-O 6. Re1 d6 7. c3 Na5 8. Bb5
a6 9. Ba4 b5 10. Bc2 c5 11. h3 Qc7 12. Nbd2 Re8 13. Nf1 Bf8 14. Bg5 Nd7 15. Ne3
Nb6 16. Nh2 Be7 17. Qh5 Bxg5 18. Qxg5 Qe7 19. Qg3 Nc6 20. a4 Be6 21. a5 Nd7 22.
Nd5 Bxd5 23. exd5 Nd8 24. f4 Nf6 25. fxe5 dxe5 26. Nf3 Nb7 27. Rxe5 Qd6 28.
Rae1 Rxe5 29. Qxe5 h6 30. d4 cxd4 31. Nxd4 Qxe5 32. Rxe5 Nxa5 33. Bb3 Kf8 34.
Ba2 Nd7 35. Re1 Re8 36. Rxe8+ Kxe8 37. Nf5 Nb6 38. Nxg7+ Kd7 39. Nf5 h5 40. Kf2
Nac4 41. b3 Ne5 42. Ke3 Nxd5+ 43. Kd4 Ke6 44. Ng7+ Kd6 45. Nxh5 Nc6+ 46. Kd3
Ne5+ 47. Kd2 a5 48. Ng3 Nf4 49. Nf5+ Kc5 50. Ne3 1/2-1/2